000 00491nam a2200181Ia 4500
003 LDD
008 181101s9999 xx 000 0 und d
020 _a8187666870
_c150.00
040 _cLDD
100 _aUlema Maulan, Shamsul
245 0 _aAab-e-hayat
_cShamsul Ulema Maulan
260 _aDelhi
_bKitabi Duniya
_c2014
300 _a472p.
901 _a15919
_b16-03-2017
902 _a2839
_b16-03-2017
_cF
_dPIBD
_e8U
903 _a20
_bReqst by : Mohd. Akbar
942 _2ddc
_cUR
999 _c71
_d71